Planificació d’espais fluvials : 27 d’abril del 2000 : jornada 3 27 d’abril del 2000 :
Descripción Física:
1 tríptic ; 21 cm
MARC
| LEADER | 00000nam a2200000Ia 4500 | ||
|---|---|---|---|
| 001 | 24564 | ||
| 003 | BGR | ||
| 005 | 20260324180622.0 | ||
| 008 | 160829s9999 xx 000 0 cat d | ||
| 080 | |a FU-67-59 | ||
| 111 | |a Jornades 2000 : els municipis i la recuperació d'espais fluvials i litorals |9 71245 |c (Barcelona : |d 2000) | ||
| 245 | |a Planificació d’espais fluvials : |b 27 d’abril del 2000 : |b jornada 3 | ||
| 260 | |a [Barcelona] : |b Diputació de Barcelona. Àrea de Medi Ambient, [2000] | ||
| 300 | |a 1 tríptic ; |c 21 cm | ||
| 590 | |a Inclou el programa de les jornades i una butlleta d'inscripció | ||
| 650 | |a Conques hidrogràfiques |x Barcelona (Província) |9 45826 | ||
| 710 | |a Barcelona (Catalunya : Província). |b Àrea de Medi Ambient |9 52987 | ||
| 901 | |a Arxiu | ||
| 942 | |n 1 |2 udc |c JC | ||
| 952 | |0 0 |1 0 |4 0 |6 FU6759 |7 1 |9 55924 |a Arxiu |b Arxiu |d 2016-12-01 |l 0 |o FU-67-59 |p 24564 |r 2016-12-01 00:00:00 |w 2016-12-01 |y ARXIU | ||
| 999 | |c 59797 |d 59797 | ||